000 01046cad a22002175a 4500
001 E155073
008 120227s2012 xxk f 000 0 eng d
020 _a9781780456621
035 _a(Sirsi) u155073
041 0 _aeng
110 2 _aScotland
_bScottish Government
_95344
245 0 0 _aConsultation on the introduction of a tenant information pack in the private rented sector
_h[electronic resource]
260 _aEdinburgh
_bScottish Government
_c2012
520 _aThe Private Rented Housing (Scotland) Act 2011 S33 requires landlords to provide tenants with a tenant information pack when an assured tenancy begins. This consultation seeks views on what the pack should contain and how the scheme will work. Deadline for comments is 21 May 2012.
590 _aKA
650 2 4 _aPRIVATE RENTED HOUSING (SCOTLAND) ACT 2011
651 4 _aScotland
_y1999-
690 _aLandlord and tenant
_96252
856 4 0 _uhttps://www.scotland.gov.uk/Publications/2012/02/4519
_zView the consultation free of charge at www.scotland.gov.uk
942 _n0
999 _c113309
_d113309